|
|
|
|
| LEADER |
00000nam a2200000 a 4500 |
| 001 |
vtls001197604 |
| 003 |
SK-MaSNL |
| 005 |
20260301044141.0 |
| 008 |
250414s1983 xo 0 slo |
| 020 |
|
|
|q (brož.)
|
| 035 |
|
|
|a SNK000140673
|
| 040 |
|
|
|a SNK
|b slo
|c SNK
|e AACR2
|
| 041 |
0 |
|
|a slo
|
| 044 |
|
|
|a xo
|c SK
|
| 080 |
|
|
|a 75.071.1:061.4(083.9)
|2 1981
|
| 080 |
|
|
|a 061.4(083.9)
|2 1981
|
| 080 |
|
|
|a 929 Hanula, Jozef
|2 1981
|
| 245 |
0 |
0 |
|a Jozef Hanula
|b Jubilejná výstava k 120. výročiu narodenia ; Ján Vlček, Anna Barancová, Dušan Vyparina
|
| 250 |
|
|
|a 1. vyd.
|
| 260 |
|
|
|a Liptovský Mikuláš
|b Oblastná galéria P. M. Bohúňa [vyd.]
|c 1983
|e Liptovský Mikuláš
|f Tlačiarne SNP
|
| 300 |
|
|
|a 20 s.
|c 24x21 cm.
|
| 366 |
|
|
|e 800 výtl.
|
| 500 |
|
|
|a Katalóg. Čiernobiele fot. reprod.
|
| 500 |
|
|
|a Uspor. Oblastná galéria P. M. Bohúňa, Liptovský Mikuláš v júni - auguste 1983. Komisár výst. Ján Vlček. Graf. úpr. Anna Barancová. Fot. Dušan Vyparina.
|
| 650 |
0 |
7 |
|a [BIO]
|2 SNK
|9 283264
|
| 651 |
|
7 |
|a 5304
|2 SNK
|9 277630
|
| 655 |
|
7 |
|a katalógy výstav
|2 SNK
|9 70445
|
| 700 |
1 |
|
|a Vlček, Ján
|4 oth
|9 283265
|
| 700 |
1 |
|
|a Barancová, Anna
|4 oth
|9 350115
|
| 700 |
1 |
|
|a Vyparina, Dušan
|4 oth
|9 47692
|
| 852 |
|
|
|a Slovenská národná knižnica
|
| 954 |
|
|
|a Hanula, Jozef
|a Oblastná galéria P. M. Bohúňa, Liptovský Mikuláš
|
| 958 |
|
|
|a OND
|
| 958 |
|
|
|a BQ
|
| 958 |
|
|
|a TL
|
| 999 |
|
|
|c 595321
|d 597251
|
| 952 |
|
|
|t P60, <03>, [BOOK], {603}
|a SNK
|b SNK
|y PREZ
|7 0
|p 17A0067082
|o snkOSC 9946
|0 0
|1 0
|4 0
|d 1997-05-15
|l 0
|r 2005-01-01 00:00:00
|w 2026-02-23
|